El cobro de lo indebido: perfiles institucionales y eficacia traslativa

Saved in:
Bibliographic Details
Main Author: Ballarín Hernández, Rafael (Author)
Format: Book
Language:Spanish
Published: Madrid Tecnos 1985
Series:Ciencias Jurídicas
Subjects:
Tags: Add Tag
No Tags, Be the first to tag this record!

MARC

LEADER 00000nam a2200000 a 4500
001 UCS1300
003 CL-VaPUC
008 970509e19850000SP |||||||||||||||||spa|d
082 0 4 |a 346.029  |b BAL  |2 21 
100 0 |a Ballarín Hernández, Rafael  |e author  |9 385636 
245 1 3 |a El cobro de lo indebido: perfiles institucionales y eficacia traslativa 
300 |a 166 p 
942 |c BK 
945 |d 19970509 00:00:00  |a paguirre 
260 |a Madrid  |b Tecnos  |c 1985 
650 0 |a Derecho civil  |9 255013 
650 0 |a Bienes  |9 255749 
650 0 |a Cuasicontratos  |9 385637 
650 0 |a Enriquecimiento sin causa  |9 385638 
650 0 |a Obligaciones   |9 255578 
583 |a last modification  |c 19970509 00:00:00  |k Rodrigo Vera 
490 0 |a Ciencias Jurídicas 
999 |c 259397  |d 259395 
952 |0 0  |1 0  |4 0  |6 346_029000000000000_BAL_1985  |7 0  |8 A  |9 284112  |a BIBDER  |b BIBDER  |d 2019-11-19  |i 1843885  |o 346.029 BAL 1985  |p 1843885  |r 2023-01-25  |w 2019-11-19  |y BK  |k DER